000 00782nam a2200217 a 4500
003 0
005 20250212100028.0
008 120719s19uu xx 00 eng d
050 _aPGS TK 2958.5
_b.Si623 2012
100 _aSison, Jonathan Shamah Amores.
245 _aRecharging batteries using solar light /
_cJonathan Shamah Amores Sison.
260 _aLas PiƱas City, Philippines :
_bSouthville International School and Colleges,
_c2012.
300 _a24 pages :
_billustrations ;
_c28 cm.
504 _aIncludes bibliographical references.
650 _aBatteries
_v Charging.
650 _a Solar energy
_vApplications.
650 _aSolar power
_vEnergy storage.
650 _aBattery-powered devices.
650 _aRenewable energy
_vSolar energy.
942 _2lcc
_cPASS
999 _c98752
_d98752